01040naa a2200181 i 45000010005000000030009000050050017000140080039000310400021000701000112000912450111002035000021003145200323003357000121006587730051007799420013008309990015008438621KOSZ 00520180321104302.0150112s2001 pl f |000 0 pol cBPKdKOSZ 005/EG1 aGŁOWIŃSKI, Sebastian.bPolitechnika Koszalińska - Wydział Mechaniczny,cKatedra Mechaniki Precyzyjnej10aModelowanie dynamiki fotela katapultowego samolotu TS-11 /cSebastian Głowiński, Tomasz Krzyżyński. aDane z autopsji. aW niniejszej pracy opisano zastosowanie systemu ekspertowego do diagnostyki samolotów. Wyklucza ono prawdopodobieństwo pominięcia kolejnej czynności obsługi samolotu oraz pozwala na zasygnalizowanie możliwości wystąpienia awarii danego podzespołu na podstawie wcześniej występujących uszkodzeń.1 aKRZYŻYŃSKI, Tomasz.d1997 - .bPolitechnika Koszalińska - Wydział Mechaniczny,cKatedra Mechaniki Precyzyjnej0 iW :tLogistyka. -g2010, nr 6, s. 941-949 [CD] cART2UKD c8621d8621